000 00544cam a22001932 4500
001 0000000080
005 20151217155800.0
008 070109s xx 000 0 eng d
020 _a9966855556 :
_cKES 200
040 _aKABU
_cKABU
100 1 _aMwiti, Peter R.
_@0000148070
245 1 0 _aUnderstanding grief as a process /
_cPeter R. Mwiti.
260 _aNairobi :
_bUzima,
_c2003.
300 _aix, 50 p.
650 0 _aGrief.
_@0000148071
908 _a070109
950 _@1
999 _c12293
_d12293